Analýza iránskej medzinárodno-obchodnej pozície v období protekcionizmu

Vývoj medzinárodného obchodu iránskej ekonomiky od roku 1948 do roku 2018. Zhodnotenie jeho súčasnej komoditnej a teritoriálnej štruktúry, v období silnejúceho protekcionizmu zo strany Spojených štátov.

Gespeichert in:
Bibliographische Detailangaben
1. Verfasser: Borovská, Zuzana
Format: Buchkapitel
Sprache:Slowakisch
Schlagworte:
Tags: Tag hinzufügen
Keine Tags, Fügen Sie das erste Tag hinzu!

MARC

LEADER 00000naa a2200000 4500
001 0260843
005 20240502074133.6
041 0 |a slo 
044 |a SK 
245 1 0 |a Analýza iránskej medzinárodno-obchodnej pozície v období protekcionizmu 
520 |a Vývoj medzinárodného obchodu iránskej ekonomiky od roku 1948 do roku 2018. Zhodnotenie jeho súčasnej komoditnej a teritoriálnej štruktúry, v období silnejúceho protekcionizmu zo strany Spojených štátov. 
610 2 0 |a Irán 
610 2 0 |a obchod medzinárodný 
610 2 0 |a vývoz 
610 2 0 |a dovoz 
610 2 0 |a vývoj 
610 2 0 |a USA 
610 2 0 |a protekcionizmus 
100 1 |a Borovská, Zuzana